[Event "SYR-ch"]
[Site "Damascus"]
[Date "2018.??.??"]
[Round "8"]
[White "Alzaim, Talal"]
[Black "Samer, Hendi"]
[Result "1-0"]
[WhiteElo "2236"]
[BlackElo "2112"]
[PlyCount "72"]
[EventDate "2018.05.01"]
[EventType "tourn"]
[EventRounds "9"]
[EventCountry "SYR"]
[SourceTitle "CBM 184 Extra"]
[Source "ChessBase"]
[SourceDate "2018.06.28"]
[SourceVersion "1"]
[SourceVersionDate "2018.06.28"]
[SourceQuality "1"]

1. d4 Nf6 2. Nf3 g6 3. Bg5 Bg7 4. Nbd2 0-0 5. e4 d6 6. Be2 Nc6 7. c3 h6 8. Bh4 e5 9. dxe5 dxe5 10. 0-0 Qe8 11. Qc2 Nh5 12. Rfe1 Nf4 13. Bf1 g5 14. Bg3 Ng6 15. Nc4 Qe7 16. Ne3 g4 17. Nf5 Bxf5 18. exf5 gxf3 19. fxg6 f5 20. Qb3+ Kh8 21. Qxb7 Qf6 22. Bb5 f4 23. Qxc6 fxg3 24. hxg3 Rab8 25. gxf3 Qg5 26. a4 Rb6 27. Qe4 a6 28. Bc4 Rf4 29. Qxf4 exf4 30. Re8+ Bf8 31. Rxf8+ Kg7 32. Rg8+ Kf6 33. g7 fxg3 34. Rf8+ Kxg7 35. Rg8+ Kf6 36. Rxg5 hxg5 1-0